Stolice Europy (bez mapy) - Statystyki

Ogólne statystyki
  • Ten quiz został rozwiązany 106 razy
    102 od ostatniego zresetowania
  • Średni wynik to 32 z 45
Statystyki odpowiedzi
Hint Odpowiedź % Poprawnych
W Warszawa
89%
B Berlin
84%
A Andora
82%
A Amsterdam
81%
B Bratysława
81%
O Oslo
81%
M Madryt
79%
M Mińsk
79%
P Paryż
79%
A Ateny
77%
D Dublin
77%
W Wilno
77%
B Budapeszt
75%
B Bukareszt
75%
L Londyn
75%
P Praga
75%
H Helsinki
74%
K Kijów
74%
M Moskwa
74%
B Berno
72%
B Bruksela
72%
R Rzym
72%
L Lizbona
70%
R Ryga
70%
S Sztokholm
70%
T Tallinn
70%
K Kopenhaga
68%
L Luksemburg
68%
R Reykjavik
68%
S San Marino
68%
S Sarajewo
68%
W Wiedeń
68%
Z Zagrzeb
68%
S Sofia
65%
T Tirana
63%
V Valletta
63%
W Watykan
63%
B Belgrad
61%
M Monako
61%
V Vaduz
60%
K Kiszyniów
56%
L Lublana
56%
P Podgorica
53%
S Skopje
53%
P Prisztina
49%
Nie znaleziono quizów pasujących do podanych kryteriów
Rozkład punktacji
Procent ludzi z każdym wynikiem
Percentyl według liczby udzielonych odpowiedzi
Twoja historia wyników
Nie rozwiązałeś tego quizu od ostatniego zresetowania